200 najlepszych europejskich piłkarzy w EA FC 24 - Statystyki

Ogólne statystyki
  • Ten quiz został rozwiązany 238 razy
  • Średni wynik to 83 z 200
Statystyki odpowiedzi
Overall Klub Narodowość Zawodnik % Poprawnych
91 PSG Francja Kylian Mbappe
95%
91 Manchester City Norwegia Erling Haaland
92%
91 Manchester City Belgia Kevin de Bruyne
92%
90 FC Barcelona Polska Robert Lewandowski
92%
90 Bayern Anglia Harry Kane
84%
90 Al-Ittihad Francja Karim Benzema
82%
90 Real Madryt Belgia Thibaut Courtois
82%
89 FC Barcelona Niemcy Marc-Andre ter Stegen
80%
89 Manchester City Hiszpania Rodri
80%
89 Liverpool Holandia Virgil van Dijk
80%
86 Al-Nassr Portugalia Cristiano Ronaldo
78%
88 Atletico Madryt Słowenia Jan Oblak
78%
87 Real Madryt Chorwacja Luka Modrić
78%
88 Manchester United Portugalia Bruno Fernandes
77%
86 Juventus Polska Wojciech Szczęsny
77%
88 Manchester City Portugalia Bernardo Silva
74%
87 FC Barcelona Holandia Frenkie de Jong
74%
87 Arsenal Norwegia Martin Odegaard
74%
89 Manchester City Portugalia Ruben Dias
73%
88 Atletico Madryt Francja Antoine Griezmann
72%
88 Bayern Niemcy Joshua Kimmich
72%
87 PSG Włochy Gianluigi Donnarumma
70%
86 Real Madryt Anglia Jude Bellingham
70%
87 Bayern Niemcy Manuel Neuer
70%
86 Real Madryt Niemcy Toni Kroos
68%
87 Borussia Dortmund Szwajcaria Gregor Kobel
67%
86 FC Barcelona Hiszpania Pedri
67%
86 AC Milan Portugalia Rafael Leao
66%
83 Borussia Dortmund Niemcy Emre Can
65%
86 FC Barcelona Portugalia Joao Cancelo
65%
86 PSG Włochy Marco Verratti
65%
86 PSG Francja Ousmane Dembele
65%
83 Napoli Polska Piotr Zieliński
65%
86 Arsenal Anglia Bukayo Saka
64%
86 Bayern Holandia Matthijs de Ligt
64%
85 Real Madryt Niemcy Antonio Rudiger
63%
85 Real Madryt Austria David Alaba
63%
86 FC Barcelona Niemcy Ilkay Gundogan
63%
86 Al-Ittihad Francja N'golo Kante
63%
86 Al-Hilal Serbia Sergej Milinković-Savić
63%
86 Liverpool Szkocja Andrew Robertson
62%
86 Inter Mediolan Włochy Nicolo Barella
62%
85 AC Milan Francja Theo Hernandez
61%
86 Bayern Niemcy Jamal Musiala
60%
87 AC Milan Francja Mike Maignan
60%
86 Newcastle Włochy Sandro Tonali
60%
86 Liverpool Anglia Trent Alexander-Arnold
60%
85 Bayern Niemcy Leon Goretzka
59%
84 PSG Francja Lucas Hernandez
58%
85 Manchester United Francja Raphael Varane
57%
86 Chelsea Francja Christopher Nkunku
56%
85 Bayer Leverkusen Niemcy Florian Wirtz
56%
85 Manchester City Anglia Phil Foden
55%
84 Roma Belgia Romelu Lukaku
55%
84 Bayern Niemcy Thomas Muller
55%
85 Liverpool Portugalia Diogo Jota
53%
83 FC Barcelona Hiszpania Gavi
53%
84 Inter Mediolan Szwajcaria Yann Sommer
53%
85 Lazio Włochy Ciro Immobile
52%
86 Villarreal Hiszpania Daniel Parejo
52%
85 Manchester City Anglia John Stones
52%
85 Manchester City Anglia Jack Grealish
51%
84 Bayern Niemcy Leroy Sane
51%
85 Manchester United Anglia Marcus Rashford
51%
85 Arsenal Anglia Declan Rice
50%
84 Manchester City Anglia Kyle Walker
50%
84 Bayern Niemcy Serge Gnabry
50%
85 Inter Mediolan Włochy Alessandro Bastoni
49%
85 Sassuolo Włochy Domenico Berardi
49%
83 Juventus Serbia Dusan Vlahović
48%
85 Bayern Francja Kingsley Coman
48%
85 Al-Nassr Hiszpania Aymeric Laporte
47%
85 Napoli Włochy Giovanni Di Lorenzo
47%
84 PSG Słowacja Milan Skriniar
47%
82 Real Madryt Francja Eduardo Camavinga
44%
83 Inter Miami Hiszpania Jordi Alba
44%
84 Napoli Słowacja Stanislav Lobotka
44%
82 Atletico Madryt Czarnogóra Stefan Savić
44%
84 AC Milan Anglia Fikayo Tomori
43%
85 Newcastle Anglia Kieran Trippier
43%
84 PSG Francja Randal Kolo Muani
43%
84 Real Madryt Francja Aurelien Tchouameni
42%
85 Eintracht Niemcy Kevin Trapp
42%
84 Atletico Madryt Hiszpania Koke
42%
84 Atletico Madryt Holandia Memphis Depay
42%
84 Juventus Francja Adrien Rabiot
40%
84 Roma Anglia Chris Smalling
40%
82 Real Madryt Hiszpania Daniel Carvajal
40%
84 Juventus Włochy Federico Chiesa
39%
82 FC Barcelona Hiszpania Ferran Torres
39%
82 Manchester City Chorwacja Mateo Kovacić
39%
83 Real Sociedad Hiszpania Mikel Oyarzabal
39%
83 Arsenal Francja William Saliba
39%
84 Arsenal Anglia Aaron Ramsdale
38%
83 Manchester United Dania Christian Eriksen
38%
83 RB Lipsk Hiszpania Dani Olmo
38%
83 Aston Villa Hiszpania Pau Torres
38%
84 Al-Hilal Portugalia Ruben Neves
38%
84 Liverpool Hiszpania Thiago Alcantara
38%
83 FC Barcelona Dania Andreas Christensen
37%
82 Manchester City Chorwacja Josko Gvardiol
37%
83 Manchester United Anglia Luke Shaw
37%
83 Borussia Dortmund Niemcy Marco Reus
37%
83 Borussia Dortmund Niemcy Mats Hummels
37%
84 Borussia Dortmund Niemcy Niklas Sule
37%
83 Fenerbahce Bośnia Edin Dzeko
36%
82 Real Madryt Francja Ferland Mendy
36%
82 AC Milan Francja Olivier Giroud
36%
82 Juventus Francja Paul Pogba
36%
83 Inter Miami Hiszpania Sergio Busquets
36%
84 Al-Shabab Belgia Yannick Carrasco
36%
82 Liverpool Węgry Dominik Szoboszlai
35%
84 Real Sociedad Hiszpania Mikel Merino
35%
83 Athletic Bilbao Hiszpania Unai Simon
35%
83 Atletico Madryt Hiszpania Alvaro Morata
34%
82 Bayern Francja Dayot Upamecano
34%
83 Villarreal Hiszpania Gerard Moreno
34%
84 Atletico Madryt Hiszpania Marcos Llorente
33%
83 Inter Mediolan Francja Benjamin Pavard
32%
83 Liverpool Holandia Cody Gakpo
32%
83 Juventus Serbia Filip Kostić
32%
82 FC Barcelona Hiszpania Inigo Martinez
32%
82 Arsenal Niemcy Kai Havertz
32%
82 Manchester City Szwajcaria Manuel Akanji
32%
83 Al-Nassr Chorwacja Marcelo Brozović
32%
84 Aston Villa Francja Moussa Diaby
32%
84 Tottenham Dania Pierre-Emile Hojbjerg
32%
82 Everton Anglia Jordan Pickford
31%
84 Borussia Dortmund Niemcy Julian Brandt
31%
84 Newcastle Anglia Nick Pope
31%
83 RB Lipsk Węgry Willi Orban
31%
83 Olympique Lyon Francja Alexandre Lacazette
30%
82 Bayer Leverkusen Szwajcaria Granit Xhaka
30%
82 Manchester United Anglia Jadon Sancho
30%
84 Lazio Hiszpania Luis Alberto
30%
83 Tottenham Francja Hugo Lloris
29%
83 Bayer Leverkusen Czechy Patrik Shick
29%
84 RB Lipsk Węgry Peter Gulacsi
29%
82 PSG Francja Presnel Kimpembe
29%
84 Chelsea Anglia Reece James
29%
83 Arsenal Włochy Jorginho
28%
83 Chelsea Anglia Raheem Sterling
28%
83 Bayer Leverkusen Holandia Jeremie Frimpong
27%
83 Real Madryt Hiszpania Nacho Fernandez
27%
83 Inter Mediolan Włochy Francesco Acerbi
26%
84 Tottenham Anglia James Maddison
26%
84 Wolfsburg Belgia Koen Casteels
26%
83 PSG Hiszpania Marco Asensio
26%
82 RB Lipsk Niemcy Timo Werner
26%
83 Napoli Włochy Alex Meret
25%
84 Real Sociedad Hiszpania Alex Remiro
25%
82 Tottenham Włochy Gugliermo Vicario
25%
82 Inter Mediolan Holandia Stefan de Vrij
25%
83 Bayern Austria Konrad Laimer
24%
82 Borussia Dortmund Holandia Donyell Malen
23%
83 Real Betis Francja Nabil Fekir
23%
83 Newcastle Holandia Sven Botman
23%
82 Girona Ukraina Viktor Tsygankov
23%
82 Inter Mediolan Włochy Federico Dimarco
22%
82 Real Madryt Hiszpania Joselu
22%
82 Aston Villa Belgia Youri Tielemans
22%
82 Osasuna Hiszpania David Garcia
21%
82 FC Porto Portugalia Diogo Costa
21%
82 Newcastle Szwajcaria Fabian Schar
21%
83 Fulham Portugalia Joao Palhinha
21%
83 Roma Włochy Luca Pellegrini
21%
84 Freiburg Niemcy Mathias Ginter
21%
82 Bayern Portugalia Raphael Guerreiro
21%
83 AS Monaco Francja Wissam Ben-Yedder
21%
82 Fenerbahce Chorwacja Dominik Livaković
20%
82 Juventus Włochy Manuel Locatelli
20%
82 PSG Portugalia Nuno Mendes
20%
82 RB Lipsk Belgia Loic Openda
19%
83 Borussia Dortmund Niemcy Nico Schlotterbeck
19%
82 Eintracht Niemcy Mario Gotze
18%
82 Atletico Madryt Hiszpania Mario Hermoso
18%
82 Atletico Madryt Francja Thomas Lemar
18%
82 Freiburg Włochy Vincenzo Grifo
17%
83 Lazio Włochy Alessio Romagnoli
16%
82 Olympique Lyon Portugalia Anthony Lopes
16%
82 Newcastle Anglia Calum Wilson
16%
82 Fenerbahce Serbia Dusan Tadić
16%
83 Roma Włochy Gianluca Mancini
16%
83 Benfica Portugalia Rafa
16%
83 Real Betis Hiszpania Borja Iglesias
15%
82 Al-Nassr Portugalia Otavio Monteiro
14%
82 Lazio Włochy Ivan Provedel
13%
82 Benfica Portugalia Joao Mario
13%
82 Bayer Leverkusen Niemcy Robert Andrich
13%
82 Real Sociedad Hiszpania Robin Le Normand
13%
82 Braga Portugalia Ricardo Horta
12%
82 Valencia Hiszpania Jose Gaya
11%
83 Bayer Leverkusen Niemcy Jonas Hofmann
10%
82 Lazio Włochy Mattia Zaccagni
10%
82 Sporting Lizbona Portugalia Bruno Goncalves
9%
82 Rayo Vallecano Hiszpania Isi
8%
82 Bristol City Holandia Mark Flekken
8%
83 Mallorca Hiszpania Sergi Darder
8%
82 Atletico Madryt Hiszpania Javi Galan
7%
83 Olympique Lyon Francja Griedge Mbock
2%
Nie znaleziono quizów pasujących do podanych kryteriów
Rozkład punktacji
Procent ludzi z każdym wynikiem
Percentyl według liczby udzielonych odpowiedzi
Twoja historia wyników
Nie rozwiązałeś tego quizu